000 00954nam a2200301Ia 4500
001 Z_1976
003 CHAP
008 220113s1998 xx 000 0 und d
010 _a165049
040 _cCHAP
090 _aTesis C 1289
100 _aCruz Santiago, Reynaldo Fernando
_929589
245 _aEstudio comparativo de la calidad peletera de pieles de conejo curtidas con cortezas vegetales /
_cpor Reynaldo Fernando Cruz Santiago y Ulises Herrera Dattoli
260 _aChapingo, Méx. :
_bEl autor,
_c1998
300 _a38 h. :
_bilus. ; cuadros
502 _aTesis (Ing. Agr. Esp. en Zootecnia) -- UACH. Departamento de Zootecnia
650 _aAnimales de peletería
_95884
650 _aConejos
_926352
650 _aPieles
_988006
650 _aPlantas curtientes
_988934
700 _aHerrera Dattoli, Ulises
_9139062
901 _aTESIS C 1289
902 _aM
910 _a1998
942 _c2
942 _c2
999 _c165049
_d165049